गूँजे स्वर बाजे ढोल / (Record no. 116910)

MARC details
000 -LEADER
fixed length control field 01081nam a22002537a 4500
005 - DATE AND TIME OF LATEST TRANSACTION
control field 20170124103046.0
010 ## - LIBRARY OF CONGRESS CONTROL NUMBER
LC control number B-039056
020 ## - INTERNATIONAL STANDARD BOOK NUMBER
Terms of availability 85.00
International Standard Book Number 8186704728
035 ## - SYSTEM CONTROL NUMBER
System control number B-039056
037 ## - SOURCE OF ACQUISITION
Source of stock number/acquisition Cen Lib/Ret
040 ## - CATALOGING SOURCE
Original cataloging agency DPL
Language of cataloging HN
082 ## - DEWEY DECIMAL CLASSIFICATION NUMBER
Classification number
Item number अब्बास
100 ## - MAIN ENTRY--PERSONAL NAME
Personal name अब्बास खान
9 (RLIN) 68934
245 ## - TITLE STATEMENT
Title गूँजे स्वर बाजे ढोल /
Statement of responsibility, etc अब्बास खान
246 ## - VARYING FORM OF TITLE
Title proper/short title Gunje swar baje dhol /
Remainder of title by Abbas Khan
260 ## - PUBLICATION, DISTRIBUTION, ETC. (IMPRINT)
Place of publication, distribution, etc दिल्ली
Name of publisher, distributor, etc समय प्रकाशन
Date of publication, distribution, etc 2000
270 ## - ADDRESS
Address 13-बी, संचार लोक अपार्टमेंट पटपड़गंज डिपो
City दिल्ली
Postal code 110092
300 ## - PHYSICAL DESCRIPTION
Extent 96पृ.
Dimensions 21सेमी(सजिल्द )
650 ## - SUBJECT ADDED ENTRY--TOPICAL TERM
Topical term or geographic name as entry element हिंदी साहित्य
General subdivision
Geographic subdivision
9 (RLIN) 68935
650 ## - SUBJECT ADDED ENTRY--TOPICAL TERM
Topical term or geographic name as entry element हिंदी साहित्य--लघु कथाएँ
9 (RLIN) 68936
650 ## - SUBJECT ADDED ENTRY--TOPICAL TERM
Topical term or geographic name as entry element Hindi literature
Form subdivision
9 (RLIN) 68937
650 ## - SUBJECT ADDED ENTRY--TOPICAL TERM
Topical term or geographic name as entry element Hindi literature--Short Stories
9 (RLIN) 68938
942 ## - ADDED ENTRY ELEMENTS (KOHA)
Source of classification or shelving scheme Dewey Decimal Classification
Koha item type Hindi Books
Classification part
Call number suffix अब्बास
Holdings
Withdrawn status Lost status Damaged status Not for loan Home library Current library Date acquired Source of acquisition Cost, normal purchase price Total Checkouts Full call number Barcode Date last seen Copy number Cost, replacement price Price effective from Koha item type Public note Source of classification or shelving scheme Collection code
Written off       Central Library Central Library 25/08/2015 Cen Lib/Ret 85.00   क अब्बास B-039056 25/08/2015 1 85.00 25/08/2015 Hindi Books Written off on approval by DLB (By Circulation); dtd 20.12.2022    
        Shahdara Branch Shahdara Branch 10/04/2019 BPPD/PUB 85.00   क अब्बास B-039060 10/04/2019   85.00 10/04/2019 Hindi Books   Dewey Decimal Classification Fiction

© Delhi Public Library
Hit Counter
free hit counter